[Event "4th GP du Senat"]
[Site "Paris FRA"]
[Date "2003.09.07"]
[EventDate "2003.09.06"]
[Round "2.1"]
[Result "0-1"]
[White "Marie Sebag"]
[Black "Anatoli Vaisser"]
[WhiteElo "2432"]
[BlackElo "2571"]
[PlyCount "120"]

1.e4 e6 2.d4 d5 3.Nd2 c5 4.exd5 exd5 5.Bb5+ Nc6 6.Ngf3 Bd6
7.O-O cxd4 8. Nb3 Ne7 9.Nbxd4 O-O 10.Re1 Bg4 11.Be2 Qb6 12.Nb3
Rfe8 13.h3 Bh5 14.Be3 Qc7 15.Nfd4 Bxe2 16.Qxe2 a6 17.Nxc6 Nxc6
18.Rad1 Rad8 19.c3 a5 20.Qb5 Qe7 21. Nxa5 Qe5 22.g3 d4 23.Qxe5
Nxe5 24.Bxd4 Nf3+ 25.Kf1 Rxe1+ 26.Rxe1 Nxe1 27. Nxb7 Ra8
28.Kxe1 Be7 29.Bc5 Kf8 30.Bxe7+ Kxe7 31.Nc5 Rxa2 32.Nd3 Kd6
33. Ke2 Ra1 34.Ke3 Kd5 35.b3 g5 36.c4+ Kd6 37.Kd4 f6 38.c5+
Kc6 39.Ke4 Ra3 40. b4 f5+ 41.Kd4 Kb5 42.Ne1 Ra1 43.Nc2 Rf1
44.Na3+ Kxb4 45.Nc2+ Kb5 46.Ke5 Kxc5 47.Ne3 Rxf2 48.Nxf5 Rh2
49.Kf6 Rxh3 50.Kxg5 Kd5 51.Kf6 Ke4 52.g4 Kf4 53.g5 Ra3 54.Nd4
Ra6+ 55.Ne6+ Rxe6+ 56.Kxe6 Kxg5 57.Ke5 h5 58.Ke4 Kg4 59. Ke3
Kg3 60.Ke2 Kg2 0-1

[Event "4th GP du Senat"]
[Site "Paris FRA"]
[Date "2003.09.07"]
[EventDate "2003.09.06"]
[Round "2.2"]
[Result "1-0"]
[White "Anatoli Vaisser"]
[Black "Marie Sebag"]
[WhiteElo "2571"]
[BlackElo "2432"]
[PlyCount "105"]

1.d4 Nf6 2.c4 c5 3.Nf3 cxd4 4.Nxd4 e5 5.Nb5 d5 6.cxd5 Bc5 7.e3
O-O 8.Be2 Nxd5 9.O-O Nc6 10.a3 Be6 11.b4 Bb6 12.N1c3 Nf6
13.Qxd8 Bxd8 14.Nd6 Rb8 15. Bf3 a6 16.Bb2 Be7 17.Nxb7 Rfc8
18.Bxc6 Rxc6 19.Na5 Rcc8 20.Rac1 Bd8 21.Na4 Bxa5 22.bxa5 Nd7
23.Nb6 Nxb6 24.axb6 f6 25.Rxc8+ Bxc8 26.Rc1 Kf7 27.h3 Bd7
28.Rc7 Ke6 29.Bc3 Rxb6 30.Bb4 g5 31.e4 h5 32.g4 h4 33.Kg2 Rb5
34.Ra7 Rb6 35.Rc7 Rb8 36.Ra7 Rc8 37.Rxa6+ Bc6 38.Kf3 Rc7
39.Ke3 Kd7 40.Rb6 Ke8 41.Bd6 Rc8 42.Rb8 Rxb8 43.Bxb8 Bb5 44.f3
Bf1 45.Kf2 Bb5 46.Bd6 Kd7 47.Bb4 Ke6 48. Bc5 Bd7 49.Bb4 Be8
50.Bc5 f5 51.exf5+ Kd5 52.Be7 e4 53.Bxg5 1-0

[Event "EYb18"]
[Site "Budva YUG"]
[Date "2003.09.13"]
[EventDate "2003.09.13"]
[Round "1"]
[Result "1-0"]
[White "Oliver Kurmann"]
[Black "Marie Sebag"]
[WhiteElo "2239"]
[BlackElo "2432"]
[PlyCount "71"]

1.e4 e5 2.f4 Bc5 3.Nf3 d6 4.Nc3 Nf6 5.Bc4 O-O 6.d3 a6 7.Rf1
Nc6 8.f5 h6 9. Nd5 Nd4 10.Nxf6+ Qxf6 11.Nxd4 exd4 12.Qh5 c6
13.g4 d5 14.g5 hxg5 15.Bxg5 Qe5 16.O-O-O Re8 17.Bf4 Qf6
18.exd5 Qxf5 19.Bg5 Qg6 20.Qxg6 fxg6 21.d6+ Kh7 22.Rf4 Be6
23.Rh4+ Kg8 24.d7 Bxc4 25.dxe8=Q+ Rxe8 26.dxc4 Re5 27.Rg4 Re2
28.h4 b5 29.cxb5 axb5 30.Bd2 Kh7 31.Re1 Rh2 32.a3 Rf2 33.Reg1
Rf6 34. h5 d3 35.hxg6+ Kg8 36.Re1 1-0

[Event "EYb18"]
[Site "Budva YUG"]
[Date "2003.09.14"]
[EventDate "2003.09.13"]
[Round "2"]
[Result "0-1"]
[White "Marie Sebag"]
[Black "Baris Esen"]
[WhiteElo "2432"]
[BlackElo "2217"]
[PlyCount "62"]

1.e4 c5 2.c3 Nf6 3.e5 Nd5 4.d4 cxd4 5.Nf3 e6 6.cxd4 d6 7.Nc3
Nxc3 8.bxc3 Qc7 9.Bd2 Bd7 10.Bd3 Bc6 11.O-O Nd7 12.exd6 Bxd6
13.c4 O-O 14.h3 Rfe8 15. Re1 b6 16.Bc3 Bf4 17.Nd2 Rad8 18.Ne4
Bxe4 19.Rxe4 e5 20.d5 Nc5 21.Re2 e4 22.Bc2 Bh2+ 23.Kh1 Bd6
24.Rb1 Qe7 25.Bd4 Qh4 26.Qd2 f5 27.a4 f4 28.Bxc5 f3 29.Bxd6
Rxd6 30.Re3 Rg6 31.Rg1 Rxg2 0-1

[Event "European Club Cup (Women)"]
[Site "Rethymnon, Crete"]
[Date "2003.09.29"]
[EventDate "2003.09.30"]
[Round "2.52"]
[Result "1/2-1/2"]
[White "Irina Kryukova"]
[Black "Marie Sebag"]
[WhiteElo "2317"]
[BlackElo "2432"]
[PlyCount "58"]

1. e4 e5 2. Nf3 Nc6 3. Bb5 a6 4. Ba4 Nf6 5. Bxc6 dxc6 6. d3
Nd7 7. O-O Be7 8. Nbd2 f6 9. Nc4 Nf8 10. Nh4 Be6 11. Nf5 Bxc4
12. dxc4 Qxd1 13. Rxd1 g6 14. Nxe7 Kxe7 15. Be3 Ne6 16. Rd3
Rhd8 17. Rad1 Rxd3 18. Rxd3 Rd8 19. Rxd8 Kxd8 20. Kf1 Kd7
21. Ke2 Kd6 22. f3 c5 23. c3 a5 24. g3 g5 25. b3 h5 26. Kd3 b6
27. Bd2 Kc6 28. Be3 Kd6 29. Bd2 Kc6 1/2-1/2

[Event "European Club Cup (Women)"]
[Site "Rethymnon, Crete"]
[Date "2003.09.30"]
[EventDate "2003.09.30"]
[Round "3.62"]
[Result "1-0"]
[White "Marie Sebag"]
[Black "Alexandra Stiri"]
[WhiteElo "2432"]
[BlackElo "2172"]
[PlyCount "81"]

1. e4 c5 2. Nf3 e6 3. d4 cxd4 4. Nxd4 a6 5. Bd3 Bc5 6. Nb3 Be7
7. Qg4 g6 8. Qe2 d6 9. O-O Nd7 10. a4 b6 11. a5 b5 12. c4 bxc4
13. Bxc4 Ne5 14. Nc3 Bb7 15. Bf4 Nf6 16. Rac1 O-O 17. Rfd1 Qb8
18. Nd2 Nfd7 19. b4 Bc6 20. Rb1 Nxc4 21. Nxc4 Bb5 22. Nxb5
Qxb5 23. Qa2 d5 24. exd5 exd5 25. Ne3 Nf6 26. Nxd5 Nxd5
27. Rxd5 Qc6 28. b5 axb5 29. Rdxb5 Bd8 30. g3 Re8 31. Rb7 Re7
32. Rxe7 Bxe7 33. Rc1 Qb5 34. Rc7 Qb4 35. a6 Qa3 36. Qxa3 Bxa3
37. a7 Kg7 38. Be5+ Kg8 39. Rb7 Bf8 40. h4 h5 41. Kg2 1-0

[Event "European Club Cup (Women)"]
[Site "Rethymnon, Crete"]
[Date "2003.10.01"]
[EventDate "2003.09.30"]
[Round "4.42"]
[Result "0-1"]
[White "Tatjana Shumiakina"]
[Black "Marie Sebag"]
[WhiteElo "2355"]
[BlackElo "2432"]
[PlyCount "118"]

1. d4 Nf6 2. c4 g6 3. Nf3 Bg7 4. g3 O-O 5. Bg2 c6 6. Nc3 d5
7. cxd5 cxd5 8. Ne5 Nbd7 9. f4 Nb6 10. O-O Bf5 11. Be3 Ne4
12. Rc1 f6 13. Bxe4 Bxe4 14. Nxe4 dxe4 15. Qb3+ Nd5 16. Nc4
Qd7 17. Bf2 Kh8 18. Ne3 Nb6 19. Nc4 Nd5 20. Ne3 Nb6 21. Nc4
Na4 22. Na5 Rab8 23. Rc2 Nb6 24. Nc4 Nd5 25. Ne3 Nc7 26. Rd1
f5 27. Nc4 b5 28. Na5 e6 29. Nc6 Rb6 30. Rdc1 Nd5 31. Ne5 Qb7
32. Be1 e3 33. Bb4 Re8 34. Bc5 Ra6 35. a3 Bf6 36. Nc4 g5
37. Nxe3 gxf4 38. Nxd5 exd5 39. gxf4 Rae6 40. Qh3 Re3 41. Qxf5
Qg7+ 42. Kh1 Rg8 43. Qxd5 Qh6 44. Bxa7 Rh3 45. e3 Rxe3 46. Rc8
Reg3 47. Rxg8+ Rxg8 48. Rg1 Rxg1+ 49. Kxg1 Qxf4 50. Bc5 Qe3+
51. Kg2 Qe2+ 52. Kg3 Qe1+ 53. Kg2 Qe2+ 54. Kh3 Qf1+ 55. Qg2
Qd3+ 56. Qg3 Qf1+ 57. Kg4 h5+ 58. Kxh5 Qf5+ 59. Kh6 Qh7# 0-1

[Event "European Club Cup (Women)"]
[Site "Rethymnon, Crete"]
[Date "2003.10.02"]
[EventDate "2003.09.30"]
[Round "5.32"]
[Result "1-0"]
[White "Marie Sebag"]
[Black "Svetlana Prudnikova"]
[WhiteElo "2432"]
[BlackElo "2412"]
[PlyCount "97"]

1. e4 e5 2. Bc4 Nf6 3. d3 c6 4. Nf3 d5 5. Bb3 a5 6. a3 a4
7. Ba2 Bd6 8. exd5 cxd5 9. Nc3 Be6 10. Bg5 d4 11. Ne4 Bxa2
12. Bxf6 gxf6 13. Rxa2 f5 14. Ng3 Qf6 15. c3 dxc3 16. bxc3 Nc6
17. O-O O-O 18. Nd2 Kh8 19. Qe2 f4 20. Nge4 Qe6 21. Nc4 Be7
22. Rb2 Ra7 23. Re1 Rd8 24. Rb5 f6 25. Reb1 Rd7 26. g3 fxg3
27. Nxg3 Bf8 28. Qe4 Rg7 29. Kh1 Qh3 30. d4 Rg4 31. Qe3 Rh4
32. Nf1 exd4 33. cxd4 Nxd4 34. Qxh3 Rxh3 35. Rxb7 Rxb7
36. Rxb7 Rc3 37. Nfe3 Bxa3 38. Nd5 Rc1+ 39. Kg2 Bf8 40. Nxf6
Bg7 41. Nh5 Bf8 42. Ne5 Ne6 43. Nf6 Nc7 44. Rb8 Kg7 45. Nh5+
Kh6 46. Ng3 Bg7 47. Rb6+ Kg5 48. Nf7+ Kf4 49. Rb4+ 1-0

[Event "European Club Cup (Women)"]
[Site "Rethymnon, Crete"]
[Date "2003.10.03"]
[EventDate "2003.09.30"]
[Round "6.32"]
[Result "1/2-1/2"]
[White "Elena Zaiatz"]
[Black "Marie Sebag"]
[WhiteElo "2332"]
[BlackElo "2432"]
[PlyCount "67"]

1. d4 d5 2. c4 c6 3. Nf3 Nf6 4. e3 Bf5 5. Nc3 e6 6. Nh4 Be4
7. f3 Bg6 8. Qb3 Qb6 9. Nxg6 hxg6 10. Bd2 Nbd7 11. Qc2 Be7
12. cxd5 exd5 13. g3 Nf8 14. Be2 Ne6 15. b4 Qc7 16. b5 c5
17. dxc5 Bxc5 18. Rc1 Bd6 19. f4 O-O 20. Qb1 Qe7 21. O-O Ba3
22. Rce1 Nc5 23. Bf3 Rfd8 24. Rd1 Rac8 25. Kg2 Rd7 26. Ne2
Nce4 27. Be1 Rdc7 28. Nd4 Bc5 29. Ne2 Bb6 {28 illegible moves}
30. Bb4 Bxe3 31. Rxd5 Nxd5 32. Qxe4 Nf6 33. Qxe7 Rxe7 34. Bxe7
1/2-1/2

[Event "European Club Cup (Women)"]
[Site "Rethymnon, Crete"]
[Date "2003.10.04"]
[EventDate "2003.09.30"]
[Round "7.52"]
[Result "0-1"]
[White "Eva Jiretorn"]
[Black "Marie Sebag"]
[WhiteElo "2503"]
[BlackElo "2388"]
[PlyCount "86"]

1. d4 d5 2. c4 c6 3. Nf3 Nf6 4. cxd5 cxd5 5. Nc3 Nc6 6. Bf4
Ne4 7. e3 Nxc3 8. bxc3 g6 9. Be2 Bg7 10. O-O O-O 11. c4 b6
12. Rc1 dxc4 13. Bxc4 Bb7 14. Qe2 Rc8 15. h3 Na5 16. Ba6 Qd5
17. Bxb7 Qxb7 18. a4 Rxc1 19. Rxc1 Rc8 20. Rxc8+ Qxc8 21. Qb5
Nc4 22. d5 e5 23. dxe6 fxe6 24. g4 h6 25. Bg3 Kf7 26. h4 a6
27. Qb1 Qc6 28. Qc2 b5 29. axb5 axb5 30. Nd2 Qd5 31. Nxc4 bxc4
32. e4 Qb5 33. Bf4 Qb3 34. Qc1 Qf3 35. Qe3 Qxg4+ 36. Bg3 Qd1+
37. Kg2 c3 38. Qf3+ Qxf3+ 39. Kxf3 c2 40. Bf4 Bb2 41. Bxh6
c1=Q 42. Bxc1 Bxc1 43. Kg4 e5 0-1

[Event "Open"]
[Site "Bastia FRA"]
[Date "2003.10.30"]
[EventDate "2003.10.29"]
[Round "5"]
[Result "1/2-1/2"]
[White "Marie Sebag"]
[Black "Vladimir Epishin"]
[WhiteElo "2413"]
[BlackElo "2658"]
[PlyCount "66"]

1.e4 c5 2.c3 Nf6 3.e5 Nd5 4.d4 cxd4 5.Nf3 e6 6.cxd4 d6 7.Nc3
Nxc3 8.bxc3 Qc7 9.Bd2 Nd7 10.Ng5 Be7 11.exd6 Qxd6 12.Qh5 Bxg5
13.Qxg5 O-O 14.Bd3 h6 15.Qh4 Ne5 16.Bc2 Ng6 17.Qg3 Qxg3
18.hxg3 Bd7 19.f3 Rfc8 20.Rb1 b5 21.Be4 Rab8 22.Bxg6 fxg6
23.Bf4 Rb6 24.Kd2 Ra6 25.Rb2 Rc4 26.Be5 Bc6 27.Ra1 Rca4 28.Ke3
g5 29.g4 Kf7 30.Kd2 Kg6 31.Bd6 Bd5 32.Bc5 Rxa2 33.Ke1 R2a5
1/2-1/2

[Event "Open"]
[Site "Bastia FRA"]
[Date "2003.10.30"]
[EventDate "2003.10.29"]
[Round "7"]
[Result "0-1"]
[White "Marie Sebag"]
[Black "Sergei Tiviakov"]
[WhiteElo "2413"]
[BlackElo "2601"]
[PlyCount "127"]

1.e4 c5 2.c3 d5 3.exd5 Qxd5 4.d4 e6 5.Nf3 Nf6 6.Bd3 Nc6 7.O-O
Be7 8.Be3 cxd4 9.cxd4 O-O 10.Nc3 Qd6 11.a3 b6 12.Qe2 Bb7
13.Rad1 Rad8 14.Bg5 g6 15. Bc4 Nd5 16.Bxd5 exd5 17.Bxe7 Qxe7
18.Qd2 f6 19.Rfe1 Qd7 20.Qf4 Kg7 21.h4 Qd6 22.Qxd6 Rxd6 23.b4
Kf7 24.Re2 h5 25.Rc1 Rd7 26.Rec2 Ne7 27.Nd1 Rc8 28. Ne3 Rxc2
29.Rxc2 Bc6 30.Kf1 Bb5+ 31.Ke1 Nc6 32.Kd2 Ke6 33.Rc1 Kd6
34.Rg1 a5 35.bxa5 Nxa5 36.Rb1 Kc6 37.Rc1+ Bc4 38.Rc3 b5 39.Kc1
Kd6 40.Rc2 Nc6 41. Rb2 Ra7 42.Nc2 Re7 43.Ne3 Re4 44.Rd2 Na5
45.Kb2 Re7 46.Ne1 Nb3 47.Rd1 Be2 48.Kxb3 Bxd1+ 49.Kb4 Be2
50.g3 Ra7 51.N1c2 Bd3 52.Ne1 Ra4+ 53.Kb3 Be4 54. N1c2 Bxc2+
55.Nxc2 Rc4 56.Kb2 Kc7 57.Kc1 Rc3 58.Kd2 Rb3 59.Nb4 Kd6 60.Nc2
Ke6 61.Ke2 g5 62.f3 gxh4 63.gxh4 Rb4 64.Ke1 0-1

[Event "EU Internet Ch - Candidates"]
[Site "playchess.com"]
[Date "2003.11.08"]
[EventDate "2003.11.08"]
[Round "14"]
[Result "1-0"]
[White "Geoffrey Borg"]
[Black "Marie Sebag"]
[WhiteElo "2494"]
[BlackElo "2504"]
[PlyCount "73"]

1. d4 d5 2. c4 c6 3. Nf3 Nf6 4. Qc2 dxc4 5. Qxc4 Bf5 6. g3 e6
7. Bg2 Be7 8. O-O O-O 9. e3 Nbd7 10. Nc3 b5 11. Qe2 b4 12. Na4
Nb6 13. Nxb6 axb6 14. Ne5 c5 15. Nc6 Qd7 16. Nxe7+ Qxe7
17. Bxa8 Rxa8 18. dxc5 bxc5 19. f3 Bh3 20. Rd1 h5 21. e4 Nd7
22. Bf4 h4 23. a3 b3 24. Rac1 Nf6 25. Bd6 Qb7 26. Bxc5 Nh5
27. Bf2 Qb8 28. e5 Ra5 29. f4 Qa8 30. Bb6 g6 31. Rd8+ Qxd8
32. Bxd8 Rd5 33. Bxh4 Bf5 34. Rc8+ Kg7 35. g4 Nxf4 36. Bf6+
Kh7 37. Rh8# 1-0

[Event "TCh-FRA Nat1 GpB"]
[Site "Cannes FRA"]
[Date "2004.02.01"]
[EventDate "2004.01.30"]
[Round "3"]
[Result "1-0"]
[White "Marie Sebag"]
[Black "Guillaume Kovarcik"]
[WhiteElo "2404"]
[BlackElo "2192"]
[PlyCount "43"]

1.e4 Nc6 2.Nf3 d6 3.d4 Nf6 4.Nc3 Bg4 5.d5 Nb8 6.Be2 Nbd7 7.Be3
g6 8.Nd4 Bxe2 9.Qxe2 Bg7 10.O-O-O O-O 11.g4 Qc8 12.h4 Nc5
13.f3 h5 14.Rdg1 Kh7 15. gxh5 Nxh5 16.f4 e5 17.Nf5 exf4
18.Qxh5+ gxh5 19.Rxg7+ Kh8 20.Rg5 f6 21. Rxh5+ Kg8 22.Nh6+ 1-0

[Event "5th ch-EURw"]
[Site "Dresden GER"]
[Date "2004.03.21"]
[EventDate "2004.03.21"]
[Round "1"]
[Result "1/2-1/2"]
[White "Marie Sebag"]
[Black "Heike Vogel"]
[WhiteElo "2404"]
[BlackElo "2152"]
[PlyCount "70"]

1.e4 c6 2.Nf3 d5 3.exd5 cxd5 4.Ne5 Nf6 5.d4 g6 6.Nd2 Bg7 7.Bd3
Nc6 8.Ndf3 O-O 9.c3 Nd7 10.Nxd7 Bxd7 11.Bf4 Bg4 12.O-O f6
13.Be2 e5 14.dxe5 fxe5 15. Bg3 Bxf3 16.Bxf3 e4 17.Bg4 Kh8
18.Re1 Ne5 19.Be2 Rf5 20.Qb3 Qe7 21.Rad1 Rd8 22.Bf1 h5 23.Qb4
Qxb4 24.cxb4 Bf6 25.h3 h4 26.Bh2 Nf7 27.Re2 Ng5 28. Rc2 d4
29.Rc7 d3 30.Rxb7 Bd4 31.g4 Rf3 32.Re7 Bxf2+ 33.Kh1 Bg3 34.Bg1
Bf2 35.Bh2 Bg3 1/2-1/2

[Event "5th ch-EURw"]
[Site "Dresden GER"]
[Date "2004.03.22"]
[EventDate "2004.03.21"]
[Round "2"]
[Result "0-1"]
[White "Narmin Mammadova"]
[Black "Marie Sebag"]
[WhiteElo "2104"]
[BlackElo "2404"]
[PlyCount "82"]

1.Nf3 d5 2.c4 c6 3.b3 Bg4 4.g3 Bxf3 5.exf3 Nf6 6.Qc2 e6 7.Bg2
Nbd7 8.O-O Bd6 9.Nc3 O-O 10.Bb2 e5 11.cxd5 cxd5 12.d4 Rc8
13.Qd2 Qa5 14.Rfd1 exd4 15. Ne4 Bb4 16.Nxf6+ Nxf6 17.Qxd4 Rc2
18.Rab1 Bc5 19.Qh4 Bxf2+ 20.Kh1 d4 21. Bxd4 Bxd4 22.Qxd4 Qxa2
23.Ra1 Qxb3 24.Rxa7 h5 25.f4 b5 26.Bd5 Nxd5 27.Qxd5 Qxd5+
28.Rxd5 Re8 29.Ra1 b4 30.Rb5 g6 31.Rxb4 Ree2 32.Rab1 Rxh2+
33.Kg1 Rcg2+ 34.Kf1 Rf2+ 35.Kg1 Rhg2+ 36.Kh1 Rxg3 37.Rd4 Rgg2
38.Rb6 Rg4 39.Rbb4 h4 40.Ra4 h3 41.Rac4 Rgg2 0-1

[Event "5th ch-EURw"]
[Site "Dresden GER"]
[Date "2004.03.23"]
[EventDate "2004.03.21"]
[Round "3"]
[Result "1-0"]
[White "Marie Sebag"]
[Black "Sandugach Shaydullina"]
[WhiteElo "2404"]
[BlackElo "2316"]
[PlyCount "75"]

1.e4 c5 2.Nf3 d6 3.d4 Nf6 4.Nc3 cxd4 5.Nxd4 Nc6 6.Bg5 e6 7.Qd2
a6 8.O-O-O Bd7 9.f3 Qc7 10.Be3 Na5 11.g4 h6 12.h4 b5 13.a3 Nc4
14.Bxc4 Qxc4 15.g5 Ng8 16.f4 b4 17.axb4 Qxb4 18.f5 Rb8 19.Nb3
a5 20.Bc5 Qb7 21.Bxd6 Bxd6 22.Qxd6 a4 23.Nc5 Qxb2+ 24.Kd2 Rd8
25.Rb1 Qxb1 26.Rxb1 Bc8 27.Nb5 Rxd6+ 28.Nxd6+ Kf8 29.Nxc8 hxg5
30.hxg5 Rh5 31.Nd6 Rxg5 32.e5 g6 33.f6 Nxf6 34.exf6 Kg8
35.Rb8+ Kh7 36.Rh8+ Kxh8 37.Nxf7+ Kg8 38.Nxg5 1-0

[Event "5th ch-EURw"]
[Site "Dresden GER"]
[Date "2004.03.24"]
[EventDate "2004.03.21"]
[Round "4"]
[Result "0-1"]
[White "Marie Sebag"]
[Black "Pia Cramling"]
[WhiteElo "2404"]
[BlackElo "2488"]
[PlyCount "102"]

1.e4 c5 2.Nf3 e6 3.d4 cxd4 4.Nxd4 a6 5.c4 Nf6 6.Nc3 Qc7 7.a3
b6 8.Be3 Bb7 9.f3 d6 10.Rc1 Nbd7 11.Be2 Be7 12.O-O O-O 13.b4
Rac8 14.Qd2 Qb8 15.Kh1 Rfe8 16.Rc2 Bd8 17.Bg1 h6 18.Rb1 Qa8
19.Na4 Ne5 20.Nb2 Nxe4 21.fxe4 Bxe4 22.Bf1 Bg5 23.Qe1 b5
24.cxb5 Rxc2 25.Nxc2 Rc8 26.Ne3 Bxb1 27.Nbc4 Bxe3 28. Nxe3 Be4
29.bxa6 Nd3 30.Qd1 Qxa6 31.a4 Ra8 32.a5 Qb5 33.Nc2 Qg5 34.Bb6
Rb8 35.Qe2 Qg6 36.Qd2 Rc8 37.Ne3 d5 38.Kg1 Ne5 39.Kh1 Nd7
40.Bd4 e5 41.Bb2 d4 42.Nc4 Qe6 43.Na3 d3 44.Kg1 Qd5 45.h3 Rc6
46.b5 Rf6 47.Qd1 Qc5+ 48.Kh2 Qf2 49.Nc4 Qf4+ 50.Kg1 Qf2+
51.Kh2 Rg6 0-1

[Event "5th ch-EURw"]
[Site "Dresden GER"]
[Date "2004.03.25"]
[EventDate "2004.03.21"]
[Round "5"]
[Result "0-1"]
[White "Ioulia Makka"]
[Black "Marie Sebag"]
[WhiteElo "2205"]
[BlackElo "2404"]
[PlyCount "94"]

1.e4 c5 2.Nf3 d6 3.d4 cxd4 4.Nxd4 Nf6 5.Nc3 a6 6.g3 e5 7.Nb3
b6 8.Bg2 Bb7 9.O-O Nbd7 10.a4 Rc8 11.Qe2 Rc7 12.Nd5 Nxd5
13.exd5 Be7 14.Re1 O-O 15.c4 Bg5 16.a5 Bxc1 17.Rexc1 Qc8
18.Qf1 Nc5 19.Nd2 bxa5 20.Rxa5 e4 21.Bxe4 Nxe4 22.Nxe4 Qd8
23.Ra3 f5 24.Nd2 f4 25.Rd3 Rcf7 26.f3 fxg3 27.hxg3 Qb6+ 28.Qf2
Qxb2 29.Rb1 Qc2 30.Rdb3 Bc8 31.R3b2 Qg6 32.Rb6 Rf6 33.R1b3 h5
34.Qg2 Bf5 35.Rxa6 Qg5 36.Ra2 Re8 37.Ra1 Rg6 38.Ne4 Bxe4
39.fxe4 h4 40.Kh2 Qe5 41.Rf1 hxg3+ 42.Rxg3 Rb8 43.Rf5 Rh6+
44.Kg1 Rb1+ 45.Rf1 Qd4+ 46.Qf2 Rxf1+ 47.Kxf1 Qd1+ 0-1

[Event "5th ch-EURw"]
[Site "Dresden GER"]
[Date "2004.03.27"]
[EventDate "2004.03.21"]
[Round "7"]
[Result "0-1"]
[White "Tea Bosboom-Lanchava"]
[Black "Marie Sebag"]
[WhiteElo "2323"]
[BlackElo "2404"]
[PlyCount "52"]

1.d4 d5 2.c4 c6 3.Nf3 Nf6 4.Nc3 dxc4 5.a4 Bf5 6.e3 e6 7.Bxc4
Bb4 8.Bd2 O-O 9.O-O Nbd7 10.Qe2 Bg6 11.Ne4 Bxd2 12.Nexd2 Qe7
13.Rfc1 Rad8 14.a5 a6 15. Ra3 Bh5 16.Rb3 e5 17.Rxb7 e4 18.Bxa6
exf3 19.gxf3 Qd6 20.b4 Rb8 21.Qc4 Nd5 22.b5 cxb5 23.Qxb5 Rbc8
24.Rxc8 Rxc8 25.Qxd7 Qg6+ 26.Kf1 Rc1+ 0-1

[Event "5th ch-EURw"]
[Site "Dresden GER"]
[Date "2004.03.28"]
[EventDate "2004.03.21"]
[Round "8"]
[Result "1-0"]
[White "Tatiana Kosintseva"]
[Black "Marie Sebag"]
[WhiteElo "2447"]
[BlackElo "2404"]
[PlyCount "201"]

1.e4 c5 2.Nf3 d6 3.Nc3 a6 4.g3 Bg4 5.Bg2 Nc6 6.h3 Bxf3 7.Bxf3
g6 8.O-O Bg7 9.Bg2 Nf6 10.d3 O-O 11.f4 Rc8 12.a4 e6 13.f5 Nh5
14.Ne2 Nd4 15.Nxd4 Bxd4+ 16.Kh2 exf5 17.exf5 Be5 18.Bf4 Nxf4
19.gxf4 Bxb2 20.Rb1 Qf6 21.fxg6 hxg6 22.f5 Be5+ 23.Kh1 Qg5
24.Qf3 Rb8 25.a5 Kg7 26.Rg1 Bd4 27.Rgf1 Be5 28.Qf2 Qxf5
29.Qxf5 gxf5 30.Rxf5 Rh8 31.Rg1 Kf8 32.Rgf1 f6 33.Rb1 Rh4
34.c4 Ke7 35.Kg1 Kd7 36.Rxb7+ Rxb7 37.Bxb7 Rxh3 38.Bxa6 Rxd3
39.Bb5+ Kc7 40.Rh5 Ra3 41.Rh7+ Kb8 42.a6 Ra2 43.Rh8+ Ka7
44.Rh7+ Kb8 45.Rb7+ Ka8 46.Rf7 Kb8 47. Kf1 Ra5 48.Ke2 Ra3
49.Rb7+ Ka8 50.Rd7 Kb8 51.Rf7 f5 52.Rxf5 Bg3 53.Rf8+ Ka7
54.Rf7+ Kb8 55.Rb7+ Ka8 56.Rg7 Kb8 57.a7+ Rxa7 58.Rxg3 Ra2+
59.Ke3 Ra3+ 60.Kf4 Ra1 61.Ke4 Kc7 62.Rg7+ Kb6 63.Rd7 Rd1
64.Kf5 d5 65.Rd6+ Ka5 66.Rxd5 Rf1+ 67.Ke6 Kb4 68.Rf5 Re1+
69.Kd6 Rh1 70.Rf2 Rh6+ 71.Ke5 Rh1 72. Ke4 Rd1 73.Ke3 Kc3
74.Rf5 Kb4 75.Ke2 Rh1 76.Rf3 Rh4 77.Kd3 Kb3 78.Kd2+ Kb4 79.Ke2
Rh2+ 80.Kd3 Rh4 81.Rf8 Rh3+ 82.Ke4 Rh4+ 83.Rf4 Rh1 84.Bc6 Re1+
85. Kf5 Kc3 86.Bd5 Kd3 87.Kf6 Kc3 88.Be6 Kb4 89.Ke7 Rd1 90.Bd5
Rg1 91.Kd6 Rg6+ 92.Be6 Rg5 93.Rf1 Rg6 94.Rf5 Rh6 95.Rf8 Kc3
96.Kxc5 Rxe6 97.Rf3+ Kd2 98. Kd5 Rh6 99.c5 Rh5+ 100.Kc4 Ke2
101.Ra3 1-0

[Event "5th ch-EURw"]
[Site "Dresden GER"]
[Date "2004.03.31"]
[EventDate "2004.03.21"]
[Round "10"]
[Result "1-0"]
[White "Elena Zaiatz"]
[Black "Marie Sebag"]
[WhiteElo "2333"]
[BlackElo "2404"]
[PlyCount "149"]

1.d4 d5 2.c4 c6 3.Nf3 Nf6 4.e3 a6 5.Qc2 Bg4 6.Nbd2 Nbd7 7.b3
e6 8.Bd3 Bd6 9.Bb2 Qb8 10.cxd5 exd5 11.h3 Bh5 12.g4 Bg6 13.Nh4
Bxd3 14.Qxd3 g6 15.Ng2 Qd8 16.f3 Qe7 17.O-O-O O-O-O 18.Kb1
Rhe8 19.Rhe1 Bb4 20.Qc2 Qd6 21.Nf4 Rxe3 22.Rxe3 Qxf4 23.Nf1 h5
24.Bc1 Qc7 25.Re2 Qd6 26.Bg5 hxg4 27.hxg4 Re8 28.Bh4 Qf4
29.Qd3 Qh6 30.Bg3 Qf8 31.Rc1 Rxe2 32.Qxe2 Bd6 33.Bxd6 Qxd6
34. Re1 Qf4 35.Qe3 Qxe3 36.Rxe3 Kd8 37.Ng3 Nf8 38.Re1 Ne6
39.Ne2 Ne8 40.Kc2 Nd6 41.Kd3 Kd7 42.Rc1 a5 43.a4 b6 44.Nc3 f5
45.Rh1 Ng5 46.gxf5 Nxf5 47.f4 Nf7 48.Rg1 Ne7 49.Nb1 Nd8 50.Nd2
Ne6 51.Rg4 c5 52.Nf3 Kd6 53.Ke3 Kc7 54. dxc5 bxc5 55.Ne5 Nf8
56.Kd2 Kd6 57.Rg1 Ke6 58.Rc1 Kf5 59.Rxc5 Kxf4 60.Nd3+ Ke4
61.Rxa5 g5 62.Ra8 Nfg6 63.a5 g4 64.Nf2+ Kd4 65.Nxg4 Kc5 66.Nf2
Kb5 67. Kd3 Nc6 68.b4 Nge7 69.Kc3 d4+ 70.Kb3 Nd5 71.Rh8 Nce7
72.Rh5 Ka6 73.Ne4 Nc7 74.Nc5+ Ka7 75.b5 1-0

[Event "5th ch-EURw"]
[Site "Dresden GER"]
[Date "2004.04.01"]
[EventDate "2004.03.21"]
[Round "11"]
[Result "1/2-1/2"]
[White "Marie Sebag"]
[Black "Jessica Schmidt"]
[WhiteElo "2404"]
[BlackElo "2246"]
[PlyCount "161"]

1.e4 e5 2.Bc4 Nf6 3.d3 c6 4.Nf3 d5 5.Bb3 Bd6 6.exd5 cxd5 7.Bg5
Be6 8.Nc3 Bc7 9.O-O Nc6 10.Re1 O-O 11.Qd2 Ba5 12.d4 e4 13.Ne5
Rc8 14.Rad1 Bb4 15.a3 Be7 16.Nxc6 bxc6 17.Na4 h6 18.Bf4 Nh5
19.Be3 f5 20.Qe2 Bf7 21.f4 g5 22.Rf1 gxf4 23.Bxf4 Nxf4 24.Rxf4
Bg6 25.c4 Qd6 26.Rff1 dxc4 27.Bxc4+ Kh7 28.Nc5 Bf6 29.b4 Bxd4+
30.Kh1 Qe5 31.Ne6 Rfd8 32.Nxd8 Rxd8 33.g3 a5 34.Qc2 axb4
35.axb4 Bh5 36.Be2 Bf7 37.Bc4 Bh5 38.Rde1 Bc3 39.Re3 Bd4
40.Ra3 Bf3+ 41. Raxf3 exf3 42.Bd3 f2 43.Bxf5+ Kg7 44.Bh3 Qd6
45.Bg2 Qxb4 46.Qxc6 Qd6 47. Qe4 Bc5 48.Qg4+ Qg6 49.Qc4 Qd6
50.Rb1 Re8 51.Be4 Qe5 52.Rb7+ Re7 53.Rxe7+ Qxe7 54.Kg2 Qe5
55.Qe2 Kf6 56.Qf3+ Ke7 57.Bd3 Qd4 58.Bf1 Qe3 59.Qd5 Kf6 60.g4
Ke7 61.Qf5 Qg5 62.Qe4+ Kd6 63.Bc4 Qe5 64.Qg6+ Kc7 65.Qf7+ Qe7
66.Qf5 Qe3 67.Bf1 Bd4 68.h4 Qe5 69.Qf7+ Kd6 70.Qg6+ Qf6 71.Qd3
Qf4 72.Qg6+ Qf6 73.Qe4 Qe5 74.Qf3 Qd5 75.Qxd5+ Kxd5 76.g5 hxg5
77.hxg5 Ke6 78.g6 Kf6 79. Bd3 Bb6 80.Kf1 Bc5 81.Bc2 1/2-1/2

[Event "5th ch-EURw"]
[Site "Dresden GER"]
[Date "2004.04.02"]
[EventDate "2004.03.21"]
[Round "12"]
[Result "0-1"]
[White "Irina Zakurdjaeva"]
[Black "Marie Sebag"]
[WhiteElo "2244"]
[BlackElo "2404"]
[PlyCount "90"]

1.e4 c5 2.Nf3 d6 3.d4 cxd4 4.Nxd4 Nf6 5.Nc3 a6 6.Be3 e6 7.f3
Be7 8.Qd2 O-O 9.g4 Nc6 10.g5 Nd7 11.h4 Nxd4 12.Bxd4 b5
13.O-O-O Qc7 14.Rg1 b4 15.Nb1 a5 16.h5 Nc5 17.g6 fxg6 18.hxg6
h6 19.Bc4 Rxf3 20.Qe2 Rf4 21.Nd2 d5 22.Bxc5 Bxc5 23.exd5 Bxg1
24.Rxg1 Qe7 25.dxe6 Bb7 26.Rf1 Rxf1+ 27.Qxf1 a4 28.Qf5 a3
29.bxa3 bxa3 30.Nb3 Re8 31.Qf7+ Kh8 32.Qxe7 Rxe7 33.Nd4 Be4
34.Bd3 Bd5 35.c4 Bxe6 36.Nxe6 Rxe6 37.Kc2 h5 38.Kc3 h4 39.c5
Re7 40.Kd4 h3 41.Bf1 h2 42.Bg2 Re2 43.Bf3 Rxa2 44.Be4 Ra1
45.c6 h1=Q 0-1

[Event "Rapid Open"]
[Site "Cergy Pontoise FRA"]
[Date "2004.05.16"]
[EventDate "2004.05.15"]
[Round "6"]
[Result "0-1"]
[White "Alberto David"]
[Black "Marie Sebag"]
[WhiteElo "2580"]
[BlackElo "2398"]
[PlyCount "56"]

1.d4 d5 2.c4 c6 3.Nf3 Nf6 4.Nc3 a6 5.c5 Nbd7 6.Bf4 Nh5 7.e3 g6
8.h4 Nxf4 9.exf4 Qc7 10.g3 Bg7 11.h5 Nf6 12.hxg6 hxg6 13.Rxh8+
Bxh8 14.Ne5 Be6 15. Bd3 Nd7 16.Qe2 Bxe5 17.fxe5 b6 18.cxb6
Qxb6 19.O-O-O Qxd4 20.f4 Qc5 21.Kb1 Rb8 22.Rc1 d4 23.Ne4 Bxa2+
24.Kxa2 Qxc1 25.e6 fxe6 26.Ng5 Nc5 27.Bxg6+ Kd7 28.Nf3 Rb4 0-1

[Event "Rapid Open"]
[Site "Cergy Pontoise FRA"]
[Date "2004.05.16"]
[EventDate "2004.05.15"]
[Round "7"]
[Result "1-0"]
[White "Andrei Shchekachev"]
[Black "Marie Sebag"]
[WhiteElo "2570"]
[BlackElo "2398"]
[PlyCount "91"]

1.Nf3 d5 2.d4 Nf6 3.c4 c6 4.Nc3 a6 5.Qb3 dxc4 6.Qxc4 b5 7.Qd3
e6 8.Bg5 Nbd7 9.e4 h6 10.Bh4 Qa5 11.Be2 b4 12.Nb1 c5 13.d5 c4
14.Qxc4 exd5 15.exd5 Qxd5 16.Nbd2 Bc5 17.O-O O-O 18.Qxd5 Nxd5
19.Rfd1 Bb7 20.Bf1 Rfe8 21.Nb3 Bb6 22.Nfd2 g5 23.Bg3 Nc5
24.Nc4 Nxb3 25.axb3 Re6 26.Nd6 Bc6 27.Rac1 Ne7 28.Bc4 Rf6
29.Nxf7 Rxf7 30.Rd6 Rd8 31.Rf6 Rf8 32.Bxf7+ Rxf7 33.Rcxc6 Nxc6
34.Rxc6 Bd4 35.Rxh6 Bf6 36.h4 a5 37.hxg5 Bxb2 38.Ra6 Rf5 39.g6
Bd4 40.Kf1 Kg7 41.Ke2 Rc5 42.Kd3 Bf6 43.Ke4 Rg5 44.Rxf6 Rxg3
45.fxg3 Kxf6 46.Kd3 1-0